The Treatment of Liquid Aluminum-Silicon Alloys

Gespeichert in:
Bibliographische Detailangaben
Hauptverfasser: Gruzleski, John E. (Verfasst von), Closset, Bernard M. (Verfasst von)
Format: Buch
Sprache:Englisch
Veröffentlicht: Des Plaines : American Foundrymen's Society, 1990
Schlagworte:
Tags: Tag hinzufügen
Keine Tags, Fügen Sie das erste Tag hinzu!

MARC

LEADER 00000nam a22000003a 4500
001 stu154054
005 20150617225946.2
008 071213s1990----xxu-----------------eng-d
020 |a 0-87433-121-8 
040 |a STU  |b slo 
041 0 |a eng 
044 |a xxu 
080 |a 621.7 
100 1 |a Gruzleski, John E.  |4 aut 
245 1 |a The Treatment of Liquid Aluminum-Silicon Alloys 
260 |a Des Plaines :  |b American Foundrymen's Society,  |c 1990 
300 |a 255 s 
650 7 |a hliníkové zliatiny  |2 stusub 
650 7 |a zlúčeniny kremíka  |2 stusub 
700 1 |a Closset, Bernard M.  |4 aut 
996 |b 284M067075  |c M*12240-1  |l MMKN  |s A  |a 24  |w stu154054_0001